Critical Care Nursing (Record no. 15594)

MARC details
000 -LEADER
fixed length control field 00540nam a22001697a 4500
008 - FIXED-LENGTH DATA ELEMENTS--GENERAL INFORMATION
fixed length control field 160208b xxu||||| |||| 00| 0 eng d
020 ## - INTERNATIONAL STANDARD BOOK NUMBER
International Standard Book Number 1609137496
100 ## - MAIN ENTRY--PERSONAL NAME
Personal name Morton Patricia Gonce
245 ## - TITLE STATEMENT
Title Critical Care Nursing
Remainder of title A Holistic Approach
Statement of responsibility, etc. Patricia Gonce Morton
250 ## - EDITION STATEMENT
Edition statement 10th ed
260 ## - PUBLICATION, DISTRIBUTION, ETC. (IMPRINT)
Place of publication, distribution, etc. China
Name of publisher, distributor, etc. Lippincott Williams and Wilkins
Date of publication, distribution, etc. 2013
300 ## - PHYSICAL DESCRIPTION
Extent xxx, 1321 p.
Other physical details ill.
650 ## - SUBJECT ADDED ENTRY--TOPICAL TERM
Source of heading or term Critical Care
650 ## - SUBJECT ADDED ENTRY--TOPICAL TERM
Source of heading or term Holistic Nursing
700 ## - ADDED ENTRY--PERSONAL NAME
Personal name Dorrie K. Fontaine
942 ## - ADDED ENTRY ELEMENTS (KOHA)
Source of classification or shelving scheme Library of Congress Classification
Koha item type General Collection
Edition 10th ed
Classification part RT 120
Call number prefix .C75 2013 C.1
Holdings
Withdrawn status Lost status Source of classification or shelving scheme Not for loan Home library Current library Shelving location Date acquired Cost, normal purchase price Total Checkouts Total Renewals Full call number Barcode Date last seen Date last checked out Copy number Price effective from Koha item type
    Library of Congress Classification   Kabarak, Main Campus Kabarak, Main Campus General Stacks 08/02/2016 8151.00 2 1 RT 120 .C75 2013 . c.1 016622 14/07/2021 17/06/2021 c.1 08/02/2016 General Collection
    Library of Congress Classification   Kabarak, Main Campus Kabarak, Main Campus General Stacks 08/02/2016 8151.00 4 1 RT 120 .C75 2013 . c.2 016667 07/12/2023 19/10/2023 c.2 08/02/2016 General Collection
Designed with assistance from East African Informatics Ltd